Word Ladder: Santa's Bumper Sticker Quiz Stats

Quiz Updated Dec 25, 2014

Challenge
Share
Tweet
Embed
Score 0/35 Timer 04:00
0 Plays Today
❅ Hint ❅ ❅ 4-Letter Word ❅ % Correct
Silver or Gold sourceMINE
95.6%
Abel's brotherCAIN
94.1%
'____ the gap'MIND
92.6%
Fennel, sesame, or poppy ____SEED
92.6%
❅ ____ LADIES DANCING ❅❅ NINE ❅
92.6%
Road feeTOLL
92.2%
'He ____ you when you're sleeping...'SEES
92.1%
Dime or doubloonCOIN
92%
Hammer or saw, e.g.TOOL
91.7%
Golf pegsTEES
91.7%
Beef Chow ____MEIN
91.1%
Like the Scrooge or The GrinchMEAN
90.3%
Darn a stockingMEND
90%
❅ ____ OLD HOUSE ❅❅ THIS ❅
89.1%
Bugs or Daffy, e.g.TOON
88.4%
Honey brewMEAD
87.7%
Daniel Boone's hat skinCOON
86.6%
Not built like SantaTHIN
85.5%
❅ Hint ❅ ❅ 4-Letter Word ❅ % Correct
Definite articlesTHES
84.4%
Hit with snowballs?PELT
83.2%
Inventor Jethro ____TULL
82.8%
❅ BRIDLE STRAP ❅❅ REIN ❅
80.7%
____-MellPELL
80.1%
Dylan Album Hard ____RAIN
79.8%
Suffix for a raceTHON
79.1%
Mosquito repellent chemicalDEET
77%
Mead alternativeBEER
74.6%
❅ DOLITTLE'S PUSHMI-____YU ❅❅ PULL ❅
74.3%
❅ HART OR HIND ❅❅ DEER ❅
73.1%
WindfallBOON
69.6%
Bottled upPENT
69.5%
Door ding, e.g.DENT
65%
South African settlerBOER
63.4%
❅ KANE'S ROSEBUD ❅❅ SLED ❅
63.1%
LoutBOOR
62%

Today's Daily Dose

Missing Word
Actress of Thrones

Word Ladder
Black Phrases

Quick Pick
'B' Beverages

On This Day
February 21st II

You're not logged in!

Compare scores with friends on all Sporcle quizzes.
Sign Up with Email
OR
Log In

You Might Also Like...

Show Comments

Extras

Top Quizzes Today


Score Distribution

Your Account Isn't Verified!

In order to create a playlist on Sporcle, you need to verify the email address you used during registration. Go to your Sporcle Settings to finish the process.